<?xml version="1.0" encoding="UTF-8"?><?xml-stylesheet type="text/xsl" href="static/style.xsl"?><OAI-PMH xmlns="http://www.openarchives.org/OAI/2.0/" xmlns:xsi="http://www.w3.org/2001/XMLSchema-instance" xsi:schemaLocation="http://www.openarchives.org/OAI/2.0/ http://www.openarchives.org/OAI/2.0/OAI-PMH.xsd"><responseDate>2026-04-13T04:37:06Z</responseDate><request verb="GetRecord" identifier="oai:www.recercat.cat:10230/43923" metadataPrefix="marc">https://recercat.cat/oai/request</request><GetRecord><record><header><identifier>oai:recercat.cat:10230/43923</identifier><datestamp>2025-12-25T19:56:37Z</datestamp><setSpec>com_2072_6</setSpec><setSpec>col_2072_452954</setSpec></header><metadata><record xmlns="http://www.loc.gov/MARC21/slim" xmlns:dcterms="http://purl.org/dc/terms/" xmlns:xsi="http://www.w3.org/2001/XMLSchema-instance" xmlns:doc="http://www.lyncode.com/xoai" xsi:schemaLocation="http://www.loc.gov/MARC21/slim http://www.loc.gov/standards/marcxml/schema/MARC21slim.xsd">
   <leader>00925njm 22002777a 4500</leader>
   <datafield ind2=" " ind1=" " tag="042">
      <subfield code="a">dc</subfield>
   </datafield>
   <datafield ind2=" " ind1=" " tag="720">
      <subfield code="a">Arenas González, Andrea</subfield>
      <subfield code="e">author</subfield>
   </datafield>
   <datafield ind2=" " ind1=" " tag="260">
      <subfield code="c">2020-03-17T11:16:31Z</subfield>
   </datafield>
   <datafield ind2=" " ind1=" " tag="260">
      <subfield code="c">2020-03-17T11:16:31Z</subfield>
   </datafield>
   <datafield ind2=" " ind1=" " tag="260">
      <subfield code="c">2019</subfield>
   </datafield>
   <datafield ind2=" " ind1=" " tag="520">
      <subfield code="a">Memòria del treball de Fi de Grau en Negocis i Màrqueting Internacionals (ESCI). Curs 2018-2019</subfield>
   </datafield>
   <datafield ind2=" " ind1=" " tag="520">
      <subfield code="a">Tutor: José Miguel Aliaga Hernández</subfield>
   </datafield>
   <datafield ind2=" " ind1=" " tag="520">
      <subfield code="a">La finalitat del treball és crear una metodologia per a implementar projectes d&amp;apos;automatitzacions logístiques en un entorn enfocat a la indústria 4.0. El projecte s&amp;apos;enmarca en el sector de l&amp;apos;automoció, concretament, a la fàbrica de SEAT Martorell, on s&amp;apos;automatitzaran dues rutes amb AGVs. Per a això, es contextualitzen tant la indústria 4.0, determinant la seva importància en un entorn empresarial; com a sector automobilístic i SEAT. Es proposa la metodologia, que és validada a mesura que el projecte avança. El treball conclou amb els elements clau de la metodologia, destacant quals s&amp;apos;han pogut ratificar i quals estarien pendents d&amp;apos;això.</subfield>
   </datafield>
   <datafield ind2=" " ind1=" " tag="520">
      <subfield code="a">La finalidad del trabajo es crear una metodología para implementar proyectos de automatizaciones logísticas en un entorno enfocado a la industria 4.0. El proyecto se enmarca en el sector de la automoción, concretamente, en la fábrica de SEAT Martorell, donde se automatizarán dos rutas con AGVs. Para ello, se contextualizan la industria 4.0, determinando su importancia en un entorno empresarial; el sector automovilístico y SEAT. Se propone la metodología, que se valida a medida que el proyecto avanza. El trabajo concluye con los elementos claves de la metodología, destacando cuales se han podido ratificar y cuales estarían pendientes de ello.</subfield>
   </datafield>
   <datafield ind2=" " ind1=" " tag="520">
      <subfield code="a">The purpose of the work is to create a methodology to implement logistics automation projects in an environment focusseds on industry 4.0. The project is framed in the automotive sector, specifically in the SEAT Martorell factory, where two routes will be automated with AGVs. To this end, industry 4.0 is contextualized, determining its importance in a business environment; and the automotive sector and SEAT are described. The proposed methodology is set and validated as the project progresses. The work concludes with the key elements of the methodology, highlighting which have been ratified and which would be pending.</subfield>
   </datafield>
   <datafield tag="653" ind2=" " ind1=" ">
      <subfield code="a">Treball de fi de grau – Curs 2018-2019</subfield>
   </datafield>
   <datafield tag="653" ind2=" " ind1=" ">
      <subfield code="a">Automatització</subfield>
   </datafield>
   <datafield tag="653" ind2=" " ind1=" ">
      <subfield code="a">Automòbils</subfield>
   </datafield>
   <datafield tag="653" ind2=" " ind1=" ">
      <subfield code="a">Indústries 4.0</subfield>
   </datafield>
   <datafield tag="653" ind2=" " ind1=" ">
      <subfield code="a">Logística (Indústria)</subfield>
   </datafield>
   <datafield tag="653" ind2=" " ind1=" ">
      <subfield code="a">Gestió de projectes</subfield>
   </datafield>
   <datafield tag="653" ind2=" " ind1=" ">
      <subfield code="a">AGV</subfield>
   </datafield>
   <datafield tag="653" ind2=" " ind1=" ">
      <subfield code="a">The purpose of the work is to create a methodology to implement logistics automation projects in an environment focusseds on industry 4.0. The project is framed in the automotive sector, specifically in the SEAT Martorell factory, where two routes will be automated with AGVs. To this end, industry 4.0 is contextualized, determining its importance in a business environment; and the automotive sector and SEAT are described. The proposed methodology is set and validated as the project progresses. The work concludes with the key elements of the methodology, highlighting which have been ratified and which would be pending.</subfield>
   </datafield>
   <datafield tag="653" ind2=" " ind1=" ">
      <subfield code="a">SEAT</subfield>
   </datafield>
   <datafield ind2="0" ind1="0" tag="245">
      <subfield code="a">Automatización logística en el sector de la automoción : metodología para la implementación en una planta de producción</subfield>
   </datafield>
</record></metadata></record></GetRecord></OAI-PMH>